| 000 | 01088nam1a22002411 4500 | ||
|---|---|---|---|
| 001 | rc\2940775 | ||
| 005 | 20110826092100.8 | ||
| 035 | _a(NLR Aleph) 007089591 | ||
| 090 |
_a6560204 _c6560204 |
||
| 100 | _a20110826d1937 |||y0rusy50 ca | ||
| 101 | 0 | _arus | |
| 102 | _aRU | ||
| 105 | _ay z ||||| | ||
| 200 | 1 |
_aМеталлургические заводы на территории СССР с XVII века до 1917 г. _eЧугун. Железо. Сталь. Медь. Т. 1- _fОбщ. ред. акад. М.А. Павлов _gАкад. наук СССР. Ин-т истории науки и техники |
|
| 210 |
_aМосква _aЛенинград _cИзд-во Акад. наук СССР _d1937 _eЛенинград _gтип. Акад. наук СССР |
||
| 215 | _d26 см | ||
| 702 | 1 |
_aПавлов _bМ. А. _gМихаил Александрович _4340 |
|
| 712 | 0 | 2 |
_aИнститут истории науки и техники _cЛенинград _4570 |
| 801 | 0 |
_aRU _bNLR _gpsbo |
|
| 801 | 1 |
_aRU _bELAR _2rusmarc |
|
| 852 |
_aNLR _j37-19/187(1) |
||
| 942 | _cBOOK | ||
| 980 | _aNB | ||